000 00622nam a22001697a 4500
003 UA-OsUOA
001 17797
007 ta
008 20040326b un ||||| |||| 00| 0 ukr d
942 _cSA
040 _aUA-OsUOA
_cUA-OsUOA
_dUA-OsUOA
245 _aМеморіальна дошка рівнеському кобзарю [А.Грицаю - викладачу Рівнен. муз. уч-ща , відкрили на стінах муз. уч-ща м.Рівне]
300 _aС.1
955 _a0
773 0 _w0
_tВісті Рівненщини
_dРівне
_d2004
_g№24/12 берез./
650 7 _aГрицай А.
_2UDC
999 _c303965
_d303965